000 00786nam a2200217 a 4500
001 000368695
003 AM-YEHGA
005 20250617164457.0
008 041012s1962 ||||||||||||||||||||rus d
040 _aAM-YeHGA
041 0 _arus
100 1 _aЛемберг, Михаил Дмитриевич
245 1 0 _aЭлементы гидроавтоматики /
_cМ.Д. Лемберг ; Редкол.: И.В. Антик и др.
260 _aМосква ;
_aЛенинград :
_bГосэнергоиздат,
_c1962.
300 _a128 с.
_bчерт.
440 0 _aБиблиотека автоматики
_vВыпуск 70
504 _aСписок лит. с. 126-127
650 1 4 _aАвтоматика
700 1 _aАнтик , И.В.
_eред.
_4edt
090 _c531959
999 _c524763
_d524763